000 00492nam a2200169Ia 4500
003 GCL
008 140319s9999 xx 000 0 eng d
040 _aGCL /
_cGCL
082 0 4 _a779.36
_bP L
100 1 _aPHOTOEJRAPHY WEST GRAPHICS CARMET
245 1 0 _aLIGHT YEARS: THE PHOTOGRAPHS OF MORLEY BAER /
_cPHOTOEJRAPHY WEST GRAPHICS CARMET
260 _a[S.N] :
_bPOTOGRAPHY WEST GRAPHICS. CARMEL ،
_c1988
300 _a250 P
650 0 4 _aARTS
650 0 4 _aPHOTOGRAPHY
942 _2ddc
_cBK
999 _c19317
_d19317